| 000 | 00647nam a2200193Ia 4500 | ||
|---|---|---|---|
| 003 | OSt | ||
| 005 | 20250104124953.0 | ||
| 008 | 210210b1950 xxu||||| |||| 00| 0 eng d | ||
| 040 | _cAL | ||
| 041 | _akan | ||
| 082 | _a859/1234 | ||
| 100 |
_aBHATTA (A R) _9146435 _dಭಟ್ಟ (ಎಆರ್) |
||
| 245 |
_aDaye torida drashti mattu nireya mohini: _bದಯೆ ತೋರಿದ ದ್ರಷ್ಟಿ ಮತ್ತು ನೀರೆಯ ಮೋಹಿನಿ |
||
| 260 |
_aMangaluru _bShobha Prakashana _c1950 |
||
| 690 |
_aKannada Fiction _9146439 |
||
| 700 |
_aRASIKARANJANA _9146440 _d ರಸಿಕರಂಜನ |
||
| 906 | _a021974 | ||
| 942 |
_2ddc _cBK |
||
| 999 |
_c146080 _d146080 |
||